KOHA-Header-6

Storage Area Network Fundamentals (Record no. 8764)

000 -LEADER
fixed length control field 00266nam a2200109Ia 4500
100 ## - MAIN ENTRY--AUTHOR NAME
Personal name Meeta Gupta
245 #0 - TITLE STATEMENT
Title Storage Area Network Fundamentals
260 ## - PUBLICATION, DISTRIBUTION, ETC. (IMPRINT)
Place of publication New york
Name of publisher Prentice
Year of publication 1995
300 ## - PHYSICAL DESCRIPTION
Number of Pages 208
942 ## - ADDED ENTRY ELEMENTS (KOHA)
Koha item type Books
Holdings
Withdrawn status Lost status Collection code Permanent Location Current Location Shelving location Date acquired Full call number Accession Number Koha item type
    Computer Networking MAJU MAJU   2019-09-14 005.2 3726 Computer Networking

Powered by Koha